000 00722nam a22002417a 4500
999 _c15937
_d15937
003 AR-CdUCM
008 190430b ||||| |||| 00| 0 spa d
040 _aMUNICIPALIDAD PROVINCIAL DEL CUSCO
_cBIBLIOTECA MUNICIPAL DEL CUSCO
082 _aEP / 803 /
_bR78
100 _aRojas Tello, Rosa Amalia
_935159
245 _aTayta mamanpa wikchusqan /
260 _aApurímac :
_bCIMAGRAF,
_c2009.
300 _a12 páginas ;
_bilustraciones,
_c21 cm.
500 _aTexto en Quechua.
650 _aCuentos infantiles
_93927
650 _aAprendizaje
_92143
650 _aLiteratura
_983
710 _aUNICEF.
_99438
710 _aOPS
_934851
710 _aUNFPA
_934852
942 _2ddc
_cLIBROS
945 _aachl
_d2019-04-30